000 00629nas1a22002411i 4500
001 RU\NLR\INFOCOMM_23\5000822187
005 20240723094317.0
035 _a(NLR Aleph) 004208241
090 _a4369079
_c4369079
100 _a20060623c1885 |||y0rusy50 ba
101 0 _afre
102 _aRU
110 _aayuz|||0|y|
200 1 _aBulletin du Congrès International de botanique
207 0 _a1885
210 _aSPb
_d1885
712 0 2 _aCongrès International de botanique
_4570
801 1 _aRU
_bInfoComm
_c20060623
801 0 _aRU
_bNLR
_gPSBO
852 _aNLR
_j13.VII.3.57
942 _cJOURNAL
980 _aINPER